| 000 | 00744nam a22001577a 4500 | ||
|---|---|---|---|
| 003 | OSt | ||
| 005 | 20150917093031.0 | ||
| 008 | 150917b xxu||||| |||| 00| 0 eng d | ||
| 040 | _cRUA | ||
| 082 | _aAGR SOK 2005 B031 Or.1 | ||
| 100 |
_9633 _aSOKUN, PIDA. |
||
| 245 | _aEffect of different rates of liquid organic fertilizer on chilli pepper in plastic house condition ឥទ្ធិពលជីធម្មជាតិទឹកកំរិតផ្សេងៗគ្នាទៅលើទិន្នផលដំណាំម្ទេសដៃនាងក្នុងលក្ខខណ្ឌផ្ទះពិសោធន៍ប្លាស្ទិច | ||
| 260 |
_aPhnom Penh _bRUA _c2005 |
||
| 300 |
_axiii; 47p. _bill. _c29cm. |
||
| 942 |
_2ddc _cAGR |
||
| 999 |
_c607 _d607 |
||